[Event "XL C.to Italiano femminile"]
[Site "Porto San Giorgio ITA"]
[Date "2013.08.21"]
[Round "1"]
[White "Chierici, Marianna"]
[Black "Colantuono, Virginia"]
[Result "1/2-1/2"]
[WhiteElo "2076"]
[BlackElo "1879"]
[PlyCount "135"]
[EventDate "2013.08.21"]

1. Nf3 Nf6 2. d4 g6 3. Nbd2 d5 4. c3 Bg7 5. e3 O-O 6. Bd3 c5 7. dxc5 Qc7 8. b4
b6 9. cxb6 Qxc3 10. Qc2 Qxc2 11. Bxc2 axb6 12. Bb2 Nc6 13. a3 Nd7 14. Bxg7 Kxg7
15. O-O Nde5 16. Bb3 Nxf3+ 17. Nxf3 e6 18. Rfc1 Bb7 19. Kf1 Rfc8 20. Ke1 Kf6
21. Nd2 Ne5 22. Rxc8 Rxc8 23. Bd1 Nd3+ 24. Kf1 Ba6 25. Be2 Rc2 26. Nf3 Nxb4 27.
Bxa6 Nxa6 28. Rb1 Rc6 29. Nd4 Rd6 30. Nb5 Rd7 31. Nc3 Rb7 32. Ke2 Nc5 33. Rb4
Ke7 34. g4 h6 35. a4 Na6 36. Rb2 Nc5 37. Rb4 Na6 38. Rb5 Nc7 39. Rb2 Kd7 40. h3
Na8 41. Rb4 Rc7 42. Kd3 Rc5 43. e4 dxe4+ 44. Nxe4 Ra5 45. Rd4+ Ke7 46. Rb4 Nc7
47. Rxb6 Rxa4 48. Rb3 Ra7 49. Nc3 f5 50. f3 Kf6 51. f4 Ra5 52. Rb7 Nd5 53.
Nxd5+ Rxd5+ 54. Ke3 Ra5 55. Rh7 fxg4 56. hxg4 h5 57. gxh5 Rxh5 58. Rb7 Rh3+ 59.
Ke4 Rh4 60. Kf3 g5 61. fxg5+ Kxg5 62. Rb5+ Kf6 63. Ra5 Rb4 64. Ke3 e5 65. Ra8
Ke7 66. Ra7+ Ke6 67. Ra8 Rb5 68. Ke4 1/2-1/2

[Event "XL C.to Italiano femminile"]
[Site "Porto San Giorgio ITA"]
[Date "2013.08.21"]
[Round "1"]
[White "Gueci, Laura"]
[Black "Messina, Roberta"]
[Result "1-0"]
[WhiteElo "1913"]
[BlackElo "2097"]
[PlyCount "117"]
[EventDate "2013.08.21"]

1. c4 c5 2. g3 Nf6 3. Bg2 d5 4. cxd5 Nxd5 5. Nc3 Nc7 6. Nf3 Nc6 7. O-O g6 8. d3
Bg7 9. Bd2 O-O 10. a3 b6 11. Rb1 a5 12. Ne1 Bd7 13. Nc2 Rc8 14. b4 cxb4 15.
axb4 axb4 16. Nxb4 Nxb4 17. Rxb4 Na6 18. Rb3 Nc5 19. Rb1 Nxd3 20. Nd5 Nb2 21.
Qb3 Nc4 22. Bb4 Re8 23. Rfd1 e6 24. Nc3 Qc7 25. Ne4 Red8 26. Rbc1 b5 27. Bd6
Qa7 28. Be7 Re8 29. Bf6 e5 30. Ra1 Qc7 31. Rdc1 Qb6 32. Bxg7 Kxg7 33. Qb4 Qe6
34. Ra7 Nb6 35. Rd1 Red8 36. Nc5 Qe7 37. Rb7 Nc4 38. Nd3 Qxb4 39. Nxb4 Be8 40.
Nd5 Bc6 41. Ra7 Nb6 42. e4 Nc4 43. Rc1 Ra8 44. Rc7 Be8 45. Re7 Rd7 46. Rxd7
Bxd7 47. Bf1 Rc8 48. Ra1 Be6 49. Ra7 Kf8 50. Nc7 Bd7 51. Nd5 Bc6 52. Ne7 Rd8
53. Nxc6 Rd1 54. Kg2 Nd2 55. Bxb5 Nxe4 56. Nxe5 f6 57. Nd7+ Kg8 58. Bc4+ Kh8
59. Nf8 1-0

[Event "XL C.to Italiano femminile"]
[Site "Porto San Giorgio ITA"]
[Date "2013.08.21"]
[Round "1"]
[White "Monticone, Sonia"]
[Black "De Rosa, Mariagrazia"]
[Result "0-1"]
[WhiteElo "1880"]
[BlackElo "2061"]
[PlyCount "72"]
[EventDate "2013.08.21"]

1. e4 c5 2. Nf3 d6 3. d4 cxd4 4. Nxd4 Nf6 5. Nc3 a6 6. Be3 e6 7. Be2 Be7 8. O-O
Qc7 9. f4 Nc6 10. Nxc6 bxc6 11. Bf3 O-O 12. Qe1 Rb8 13. Na4 d5 14. e5 Nd7 15.
c4 Rb4 16. cxd5 cxd5 17. Rc1 Qb8 18. b3 a5 19. Qc3 Ba6 20. Rfd1 Rc8 21. Qd2 Bb5
22. Rxc8+ Qxc8 23. Rc1 Qb8 24. Nb2 f6 25. Bxd5 exd5 26. Qxd5+ Kf8 27. a3 Nb6
28. Bxb6 Qxb6+ 29. Kh1 Rxf4 30. Rc8+ Be8 31. h3 fxe5 32. Nc4 Rf1+ 33. Kh2 Qg1+
34. Kg3 Qf2+ 35. Kh2 Qf4+ 36. g3 Rf2+ 0-1

[Event "XL C.to Italiano femminile"]
[Site "Porto San Giorgio ITA"]
[Date "2013.08.22"]
[Round "2"]
[White "Chiarion, Elisa"]
[Black "Tittarelli, Edith"]
[Result "1-0"]
[WhiteElo "1985"]
[BlackElo "1594"]
[PlyCount "73"]
[EventDate "2013.08.21"]

1. e4 e6 2. d4 d5 3. Nc3 Bb4 4. Nge2 Nf6 5. Bg5 dxe4 6. a3 Be7 7. Bxf6 Bxf6 8.
Nxe4 Be7 9. Qd3 Nd7 10. O-O-O Nf6 11. N2g3 b6 12. Nxf6+ Bxf6 13. Qf3 Qd5 14.
Bb5+ Bd7 15. Qxd5 exd5 16. Rhe1+ Kd8 17. Bxd7 Kxd7 18. Nh5 Bg5+ 19. f4 Bh6 20.
Re5 Kd6 21. g4 g6 22. g5 Bxg5 23. fxg5 gxh5 24. Rf1 Raf8 25. Rf6+ Kd7 26. Rxd5+
Kc8 27. Rdf5 Rhg8 28. h4 Rg7 29. Kd2 Kd7 30. Kd3 Ke7 31. Re5+ Kd7 32. Rd5+ Ke7
33. Rc6 Rc8 34. Rh6 Rf8 35. Re5+ Kd7 36. Ke4 a6 37. Kf5 1-0

[Event "XL C.to Italiano femminile"]
[Site "Porto San Giorgio ITA"]
[Date "2013.08.22"]
[Round "2"]
[White "De Rosa, Mariagrazia"]
[Black "Gueci, Laura"]
[Result "1/2-1/2"]
[WhiteElo "2061"]
[BlackElo "1913"]
[PlyCount "95"]
[EventDate "2013.08.21"]

1. e4 c5 2. Nf3 Nc6 3. d4 cxd4 4. Nxd4 g6 5. c4 Nf6 6. Nc3 Nxd4 7. Qxd4 d6 8.
Be2 Bg7 9. Be3 O-O 10. Qd2 a5 11. Rd1 Bd7 12. O-O a4 13. f4 Bc6 14. Bf3 Qa5 15.
Nd5 Bxd5 16. exd5 Qxd2 17. Rxd2 Rfc8 18. c5 dxc5 19. d6 exd6 20. Bxb7 d5 21.
Bxa8 Rxa8 22. Rc1 d4 23. Bf2 Ne4 24. Rd3 f5 25. Rc4 Rb8 26. Rc2 c4 27. Rxc4
Rxb2 28. Rc8+ Bf8 29. Be1 Kf7 30. Kf1 Bc5 31. Rc7+ Ke6 32. Rxh7 Rxa2 33. Rg7
Kf6 34. Rc7 Ra1 35. Ke2 a3 36. Rc6+ Kf7 37. Rc7+ Ke8 38. Rh3 a2 39. Rh8+ Bf8
40. Rc8+ Kd7 41. Ra8 d3+ 42. Kxd3 Rd1+ 43. Ke2 a1=Q 44. Rxa1 Rxa1 45. Rxf8 Ra2+
46. Kf3 Ra3+ 47. Ke2 Ra2+ 48. Kf3 1/2-1/2

[Event "XL C.to Italiano femminile"]
[Site "Porto San Giorgio ITA"]
[Date "2013.08.22"]
[Round "2"]
[White "Gueci, Tea"]
[Black "Scarpa, Silvia"]
[Result "1-0"]
[WhiteElo "2018"]
[BlackElo "1753"]
[PlyCount "75"]
[EventDate "2013.08.21"]

1. e4 c5 2. Nf3 d6 3. d4 cxd4 4. Nxd4 Nf6 5. Nc3 a6 6. Qe2 e5 7. Nf5 Nc6 8. Bg5
Bxf5 9. exf5 Be7 10. O-O-O O-O 11. Bxf6 Bxf6 12. Ne4 Nd4 13. Qd2 Nxf5 14. g4
Nd4 15. c3 Nc6 16. Qxd6 Be7 17. Qd7 Qxd7 18. Rxd7 Rab8 19. Bg2 Rfd8 20. Rhd1
Kf8 21. Ng3 Ke8 22. Rxb7 Rxd1+ 23. Kxd1 Rxb7 24. Bxc6+ Rd7+ 25. Ke2 Kd8 26.
Bxd7 Kxd7 27. Nf5 Bf8 28. Kd3 g6 29. Ne3 Ke6 30. Ke4 Bd6 31. b4 Bc7 32. a4 Bb8
33. a5 Bc7 34. c4 h6 35. h4 Bd8 36. h5 gxh5 37. gxh5 Bc7 38. Nf5 1-0

[Event "XL C.to Italiano femminile"]
[Site "Porto San Giorgio ITA"]
[Date "2013.08.22"]
[Round "2"]
[White "Santeramo, Alessia Carmen"]
[Black "Arnetta, Maria Teresa"]
[Result "1/2-1/2"]
[WhiteElo "1934"]
[BlackElo "2014"]
[PlyCount "131"]
[EventDate "2013.08.21"]

1. e4 Nc6 2. Nf3 d5 3. exd5 Qxd5 4. Nc3 Qa5 5. d4 Bg4 6. Be2 O-O-O 7. Be3 Nf6
8. h3 Bxf3 9. Bxf3 e5 10. Bxc6 bxc6 11. Qd3 exd4 12. Bxd4 Kb7 13. Qc4 Re8+ 14.
Kf1 Nd5 15. Rd1 f6 16. Kg1 Bd6 17. Nxd5 Qxd5 18. Qxd5 cxd5 19. Be3 Kc6 20. g3
Bc5 21. Bxc5 Kxc5 22. Rd3 d4 23. c3 Re2 24. cxd4+ Kd5 25. Rb3 Rd2 26. Rb7 Re8
27. Kg2 Ree2 28. Rf1 Kc6 29. Rxa7 Rxb2 30. Rc1+ Kd6 31. Kf3 Rxf2+ 32. Ke3 Rbe2+
33. Kd3 Rxa2 34. Raxc7 Ra3+ 35. Kc4 Kxc7 36. Kb4+ Kd6 37. Kxa3 Rf3+ 38. Kb4
Rxg3 39. Kc4 Ra3 40. h4 g6 41. Rb1 Ra4+ 42. Kd3 Ra7 43. Rb6+ Ke7 44. Ke4 Rd7
45. Ra6 h6 46. Rc6 Rd6 47. Rc7+ Ke6 48. Rh7 f5+ 49. Ke3 Kf6 50. h5 Kg5 51. hxg6
Kxg6 52. Rh8 Re6+ 53. Kf3 Re4 54. d5 Rd4 55. Rd8 Kf6 56. Rd6+ Ke5 57. Rxh6 Rxd5
58. Rb6 Rd3+ 59. Ke2 Ra3 60. Rb4 f4 61. Rb8 Kf5 62. Kf2 Rc3 63. Rf8+ Ke5 64.
Re8+ Kf5 65. Rf8+ Ke5 66. Re8+ 1/2-1/2

[Event "XL C.to Italiano femminile"]
[Site "Porto San Giorgio ITA"]
[Date "2013.08.23"]
[Round "3"]
[White "Arnetta, Maria Teresa"]
[Black "Chiarion, Elisa"]
[Result "1/2-1/2"]
[WhiteElo "2014"]
[BlackElo "1985"]
[PlyCount "103"]
[EventDate "2013.08.21"]

1. e4 g6 2. d4 Bg7 3. Nf3 c5 4. dxc5 Qa5+ 5. Nc3 Bxc3+ 6. bxc3 Qxc3+ 7. Bd2
Qxc5 8. Rb1 Nf6 9. Bd3 d6 10. O-O O-O 11. Qe2 Nc6 12. Rb5 Nd4 13. Nxd4 Qxd4 14.
c3 Qa4 15. Bh6 Re8 16. h3 a6 17. Rb4 Qc6 18. Rc4 Qd7 19. f4 Nh5 20. Qf2 e5 21.
g4 b5 22. Rb4 Ng7 23. f5 Bb7 24. Qh4 Qd8 25. Bg5 Qb6+ 26. Rf2 d5 27. Bf6 Qd6
28. Bxg7 Kxg7 29. f6+ Kg8 30. g5 dxe4 31. Bxe4 Bxe4 32. Rxe4 Rac8 33. Qg3 Qc5
34. Qh4 Qd6 35. Qg3 Rc4 36. Ree2 Qc5 37. Re3 a5 38. Kh2 b4 39. cxb4 axb4 40.
Ree2 e4 41. Qh4 e3 42. Qh6 Qf8 43. Qxf8+ Kxf8 44. Rf1 Re5 45. Rd1 Ke8 46. Rd3
Rc3 47. Rd4 b3 48. axb3 Rxb3 49. h4 Rc3 50. Kg3 Rb3 51. Kf3 Rc3 52. Kg3 1/2-1/2

[Event "XL C.to Italiano femminile"]
[Site "Porto San Giorgio ITA"]
[Date "2013.08.23"]
[Round "3"]
[White "Balzano, Filli"]
[Black "De Rosa, Mariagrazia"]
[Result "0-1"]
[WhiteElo "1942"]
[BlackElo "2061"]
[PlyCount "138"]
[EventDate "2013.08.21"]

1. e4 c5 2. Nc3 a6 3. f4 e6 4. Nf3 d5 5. exd5 exd5 6. d3 Nc6 7. Be2 Nf6 8. O-O
Bd6 9. a3 O-O 10. Qe1 Re8 11. Qd1 Qe7 12. Re1 Nd4 13. Bd2 Qc7 14. Ne5 Bxe5 15.
fxe5 Qxe5 16. Bf3 Nxf3+ 17. Qxf3 Qd4+ 18. Be3 Rxe3 19. Qxe3 Qxe3+ 20. Rxe3 d4
21. Re5 dxc3 22. bxc3 c4 23. a4 Bd7 24. a5 Rc8 25. d4 Bc6 26. Rc5 Re8 27. Re5
Rxe5 28. dxe5 Nd5 29. Rd1 Kf8 30. Rd4 Ke7 31. Kf2 Ke6 32. Rxc4 Kxe5 33. Rg4 g6
34. c4 Nb4 35. c3 Nd3+ 36. Ke3 Nc5 37. Rf4 f5 38. Rf2 Be4 39. g3 g5 40. h4 h6
41. hxg5 hxg5 42. Rh2 f4+ 43. gxf4+ gxf4+ 44. Kf2 Nb3 45. Rh8 Nxa5 46. Re8+ Kf5
47. Rf8+ Kg5 48. Rg8+ Bg6 49. Rb8 Bf7 50. c5 Bd5 51. Rd8 Bc6 52. Rd1 Nb3 53.
Re1 Kf5 54. Re7 Nxc5 55. Ke2 f3+ 56. Kf2 Ne4+ 57. Kxf3 Nxc3+ 58. Kf2 a5 59. Ke1
Nd5 60. Re2 Nc3 61. Rc2 Ne4 62. Ke2 Ke5 63. Kd3 Kd5 64. Rc1 a4 65. Ra1 b5 66.
Rb1 a3 67. Kc2 Kc4 68. Rb3 b4 69. Rb1 Ba4+ 0-1

[Event "XL C.to Italiano femminile"]
[Site "Porto San Giorgio ITA"]
[Date "2013.08.23"]
[Round "3"]
[White "Gueci, Laura"]
[Black "Santeramo, Alessia Carmen"]
[Result "1-0"]
[WhiteElo "1913"]
[BlackElo "1934"]
[PlyCount "135"]
[EventDate "2013.08.21"]

1. Nf3 d5 2. c4 e6 3. b3 d4 4. Bb2 c5 5. g3 Nf6 6. Bg2 Nc6 7. O-O Be7 8. e3 e5
9. exd4 exd4 10. d3 O-O 11. Na3 Re8 12. Nc2 a5 13. Qd2 Qc7 14. a3 b6 15. Rab1
h6 16. Ba1 Rb8 17. b4 axb4 18. axb4 Bf5 19. Rfe1 Bd6 20. b5 Ne7 21. Nh4 Bh7 22.
Bb2 Ng6 23. Nxg6 Bxg6 24. Ra1 Rxe1+ 25. Nxe1 Nd7 26. Qe2 Kf8 27. Ra8 Rxa8 28.
Bxa8 Qb8 29. Bd5 Qa7 30. Bc1 Qa1 31. Bd2 Ne5 32. Kg2 Qa7 33. f4 Nd7 34. Bc6 Nf6
35. g4 Qe7 36. Qxe7+ Kxe7 37. h3 h5 38. f5 Bh7 39. Bg5 hxg4 40. hxg4 Be5 41.
Nf3 Bc7 42. Nd2 Be5 43. Ne4 g6 44. Bxf6+ Bxf6 45. g5 Be5 46. f6+ Kd8 47. Kf3
Bg8 48. Nf2 Bd6 49. Ng4 Bf8 50. Ke4 Bh7 51. Bd5 Bg8 52. Ne5 Ke8 53. Bc6+ Kd8
54. Nd7 Bd6 55. Nxb6 Bg3 56. Nd5 Bh4 57. Kf4 Be1 58. Ne7 Bh7 59. Nd5 Kc8 60.
Nb6+ Kc7 61. Nd7 Bc3 62. Nxc5 Be1 63. Ne4 Bg8 64. Ke5 Ba5 65. Kxd4 Bb6+ 66. c5
Ba5 67. Kc4 Be1 68. d4 1-0

[Event "XL C.to Italiano femminile"]
[Site "Porto San Giorgio ITA"]
[Date "2013.08.23"]
[Round "3"]
[White "Tonel, Giulia"]
[Black "Gueci, Tea"]
[Result "1/2-1/2"]
[WhiteElo "1973"]
[BlackElo "2018"]
[PlyCount "127"]
[EventDate "2013.08.21"]

1. d4 Nf6 2. c4 c5 3. d5 e6 4. Nc3 exd5 5. cxd5 d6 6. g3 g6 7. Bg2 Bg7 8. Nf3
O-O 9. O-O a6 10. a4 Re8 11. Nd2 Nbd7 12. h3 Rb8 13. Nc4 Ne5 14. Na3 Nh5 15. e4
Qc7 16. f4 Nd7 17. Kh2 Bd4 18. Qd3 Ng7 19. Nc2 Bf6 20. Ne3 Bd4 21. Ng4 Nf6 22.
Nh6+ Kf8 23. Ne2 Qe7 24. Nxd4 cxd4 25. e5 Ng8 26. Nxg8 Kxg8 27. Qxd4 Nf5 28.
Qd3 Bd7 29. Re1 b5 30. Bd2 bxa4 31. Bc3 Bb5 32. Qd2 Rbc8 33. Bb4 Qd7 34. Qf2
Rc4 35. Bc3 Qc7 36. e6 fxe6 37. dxe6 Bc6 38. Bxc6 Qxc6 39. Qa7 Ne7 40. Re3 Qc7
41. Qxc7 Rxc7 42. Rd3 Nf5 43. g4 Ng7 44. f5 gxf5 45. gxf5 Nxf5 46. Rg1+ Ng7 47.
Rxd6 Kf8 48. Rxa6 Nxe6 49. Ra5 Rc4 50. Rf1+ Ke7 51. Ra1 Nc5 52. Re1+ Ne6 53.
Ra6 Kd7 54. Rd1+ Kc7 55. Rdd6 Nc5 56. Ba5+ Kb7 57. Rdb6+ Kc8 58. Rc6+ Kb7 59.
Rcb6+ Kc8 60. Ra8+ Kd7 61. Ra7+ Kc8 62. Ra8+ Kd7 63. Ra7+ Kc8 64. Ra8+ 1/2-1/2

[Event "XL C.to Italiano femminile"]
[Site "Porto San Giorgio ITA"]
[Date "2013.08.24"]
[Round "4"]
[White "Chiarion, Elisa"]
[Black "Gueci, Laura"]
[Result "1-0"]
[WhiteElo "1985"]
[BlackElo "1913"]
[PlyCount "85"]
[EventDate "2013.08.21"]

1. e4 c5 2. b3 Nc6 3. Bb2 d6 4. Bc4 e6 5. Nf3 Nf6 6. Nc3 Be7 7. d4 cxd4 8. Nxd4
O-O 9. Nf3 a6 10. a4 Qc7 11. Qe2 Nb4 12. Rd1 Bd7 13. e5 dxe5 14. O-O Rfd8 15.
Nxe5 Be8 16. Ng4 Qf4 17. Ne3 Bc6 18. Bc1 Bd6 19. g3 Qf3 20. Ncd5 Bxd5 21. Nxd5
Qxe2 22. Nxf6+ gxf6 23. Bxe2 Nxc2 24. Bf3 Rab8 25. Rd2 Nb4 26. Rfd1 Be7 27.
Rxd8+ Rxd8 28. Rxd8+ Bxd8 29. Bxb7 a5 30. Bd2 Be7 31. Bc3 Kf8 32. Kf1 Ke8 33.
Ke2 Kd7 34. g4 h6 35. Be4 Ke8 36. Bd2 Bf8 37. Be3 Nd5 38. Bxd5 exd5 39. Kd3 Kd7
40. Bd2 Bd6 41. Bxa5 Bxh2 42. Bd2 Bg1 43. Ke2 1-0

[Event "XL C.to Italiano femminile"]
[Site "Porto San Giorgio ITA"]
[Date "2013.08.24"]
[Round "4"]
[White "Colantuono, Virginia"]
[Black "Messina, Roberta"]
[Result "0-1"]
[WhiteElo "1879"]
[BlackElo "2097"]
[PlyCount "61"]
[EventDate "2013.08.21"]

1. e4 c5 2. Nf3 d6 3. d4 cxd4 4. Nxd4 Nf6 5. Nc3 a6 6. Be2 e6 7. O-O Be7 8. Be3
O-O 9. f4 Qc7 10. a4 Nc6 11. Kh1 Re8 12. Bf3 Bd7 13. Nb3 Na5 14. Nxa5 Qxa5 15.
g4 Bc6 16. g5 Nd7 17. Ne2 Nc5 18. Ng3 Qb4 19. Bd4 a5 20. Bc3 Qb6 21. Qd4 e5 22.
fxe5 dxe5 23. Qxe5 Bf6 24. Qf5 Bd7 25. Qf4 Ne6 26. Qd2 Bxc3 27. Qxc3 Rac8 28.
Qd3 Rcd8 29. Qc3 Nxg5 30. Nh5 Qh6 31. Qxg7+ 0-1

[Event "XL C.to Italiano femminile"]
[Site "Porto San Giorgio ITA"]
[Date "2013.08.24"]
[Round "4"]
[White "De Rosa, Mariagrazia"]
[Black "Tonel, Giulia"]
[Result "1-0"]
[WhiteElo "2061"]
[BlackElo "1973"]
[PlyCount "83"]
[EventDate "2013.08.21"]

1. e4 d6 2. d4 Nf6 3. Nc3 g6 4. f4 Bg7 5. Nf3 c5 6. Bb5+ Bd7 7. Bxd7+ Nfxd7 8.
d5 b5 9. Nxb5 Qa5+ 10. Nc3 Bxc3+ 11. bxc3 Qxc3+ 12. Bd2 Qc4 13. Qe2 Nb6 14. a4
a5 15. Qxc4 Nxc4 16. Ke2 Nd7 17. Rhb1 e6 18. Bc3 Rf8 19. dxe6 fxe6 20. g3 Ke7
21. Kd3 Nce5+ 22. Nxe5 dxe5 23. Ke3 exf4+ 24. gxf4 Ra6 25. Rb5 e5 26. fxe5 g5
27. Rg1 Rh6 28. Rxa5 Rxh2 29. Be1 h6 30. Bg3 Rxc2 31. Be1 Nxe5 32. Ra7+ Kd6 33.
Ra6+ Kc7 34. Rg3 Kb7 35. Rxh6 Rd8 36. Rxg5 Nc4+ 37. Kf4 Nb6 38. Rg7+ Nd7 39.
Bh4 Rf8+ 40. Ke3 Kc8 41. Rc6+ Kb7 42. Rd6 1-0

[Event "XL C.to Italiano femminile"]
[Site "Porto San Giorgio ITA"]
[Date "2013.08.24"]
[Round "4"]
[White "Gueci, Tea"]
[Black "Paolillo, Gaia"]
[Result "1/2-1/2"]
[WhiteElo "2018"]
[BlackElo "1900"]
[PlyCount "76"]
[EventDate "2013.08.21"]

1. e4 e5 2. Nc3 Nc6 3. g3 Nf6 4. Bg2 Bc5 5. Nge2 d6 6. O-O Be6 7. d3 Qd7 8. Nd5
Ne7 9. Nxe7 Qxe7 10. c3 Bb6 11. d4 O-O 12. Qd3 Rfe8 13. Bg5 h6 14. Bxf6 Qxf6
15. h3 c6 16. Kh2 d5 17. dxe5 Qxe5 18. f4 dxe4 19. Qc2 Qb5 20. b3 Qd3 21. Qb2
f5 22. Rad1 Qb5 23. Qc2 Rad8 24. c4 Qb4 25. g4 Rxd1 26. Rxd1 fxg4 27. Bxe4 Qc5
28. Ng3 Qf2+ 29. Qxf2 Bxf2 30. Bg6 Bf7 31. Bxf7+ Kxf7 32. hxg4 Bxg3+ 33. Kxg3
g6 34. Rh1 Kg7 35. Kf3 Re7 36. Rh2 Re8 37. Rd2 Re7 38. Rh2 Re8 1/2-1/2

[Event "XL C.to Italiano femminile"]
[Site "Porto San Giorgio ITA"]
[Date "2013.08.25"]
[Round "5"]
[White "Arnetta, Maria Teresa"]
[Black "Gueci, Tea"]
[Result "1-0"]
[WhiteElo "2014"]
[BlackElo "2018"]
[PlyCount "79"]
[EventDate "2013.08.21"]

1. d4 Nf6 2. Nc3 g6 3. e4 d6 4. Bg5 Bg7 5. e5 Nfd7 6. f4 h6 7. Bh4 g5 8. fxg5
dxe5 9. dxe5 hxg5 10. Bxg5 Bxe5 11. Qd3 Nf6 12. Qxd8+ Kxd8 13. O-O-O+ Nbd7 14.
Nf3 Bxc3 15. bxc3 Ne4 16. Bc4 Nf2 17. Rhe1 f6 18. Rd2 Ng4 19. Be6 Nxh2 20. Nxh2
fxg5 21. Nf3 Rh6 22. Bxd7 Bxd7 23. Ne5 Rd6 24. Nf7+ Ke8 25. Nxd6+ cxd6 26. Rxd6
Rc8 27. Rg6 Kf7 28. Rxg5 Rxc3 29. Rf1+ Ke6 30. Kb2 Re3 31. g4 Kd6 32. Rf4 e5
33. Rf6+ Kd5 34. Rg7 Bc6 35. g5 Rg3 36. g6 e4 37. Re7 e3 38. Rfe6 e2 39. g7
Rxg7 40. c4+ 1-0

[Event "XL C.to Italiano femminile"]
[Site "Porto San Giorgio ITA"]
[Date "2013.08.25"]
[Round "5"]
[White "Balzano, Filli"]
[Black "Gueci, Laura"]
[Result "1/2-1/2"]
[WhiteElo "1942"]
[BlackElo "1913"]
[PlyCount "61"]
[EventDate "2013.08.21"]

1. e4 c5 2. c3 d5 3. exd5 Qxd5 4. d4 Nc6 5. Nf3 Bf5 6. Be3 Nf6 7. c4 Qd7 8. d5
Nb4 9. Na3 e6 10. Ne5 Qc7 11. Qa4+ Nd7 12. Bf4 Nc2+ 13. Nxc2 Bxc2 14. Qxc2 Nxe5
15. Qe4 Bd6 16. dxe6 O-O-O 17. O-O-O Nd3+ 18. Bxd3 Bxf4+ 19. Kb1 Rhe8 20. Qxh7
fxe6 21. Be2 Be5 22. Rxd8+ Rxd8 23. Qc2 Rd6 24. Rd1 Bd4 25. Rd3 Rb6 26. Rb3
Rxb3 27. axb3 Qxh2 28. Qg6 Qe5 29. Qe8+ Kc7 30. Qe7+ Kc8 31. Qe8+ 1/2-1/2

[Event "XL C.to Italiano femminile"]
[Site "Porto San Giorgio ITA"]
[Date "2013.08.25"]
[Round "5"]
[White "Chiarion, Elisa"]
[Black "De Rosa, Mariagrazia"]
[Result "1-0"]
[WhiteElo "1985"]
[BlackElo "2061"]
[PlyCount "73"]
[EventDate "2013.08.21"]

1. e4 c5 2. Nf3 d6 3. d4 cxd4 4. Qxd4 a6 5. h3 Nc6 6. Qe3 g6 7. c4 Bg7 8. Be2
Nf6 9. O-O O-O 10. Nc3 Nd7 11. Rb1 Nc5 12. b4 Bxc3 13. bxc5 Bg7 14. Rd1 Qa5 15.
cxd6 exd6 16. Ba3 Re8 17. Rd5 Qa4 18. Qd3 Ne5 19. Nxe5 dxe5 20. Bd1 Qc6 21. Rd6
Qc7 22. Ba4 Rf8 23. Rd5 Be6 24. Bd6 Qd8 25. Bxf8 Qxf8 26. Rd6 Bxc4 27. Qxc4
Qxd6 28. Rxb7 Rf8 29. Bb3 Qf6 30. Qc7 Qf4 31. Bd5 Bh6 32. g3 Qf3 33. Qxe5 Bd2
34. Rb3 Qe2 35. Qf6 Qe1+ 36. Kg2 Qc1 37. Bxf7+ 1-0

[Event "XL C.to Italiano femminile"]
[Site "Porto San Giorgio ITA"]
[Date "2013.08.25"]
[Round "5"]
[White "Tonel, Giulia"]
[Black "Messina, Roberta"]
[Result "1/2-1/2"]
[WhiteElo "1973"]
[BlackElo "2097"]
[PlyCount "171"]
[EventDate "2013.08.21"]

1. d4 d5 2. c4 c6 3. Nc3 Nf6 4. Nf3 e6 5. e3 Nbd7 6. Qc2 b6 7. b3 Bb7 8. Bd3
Qc7 9. Bb2 Rd8 10. O-O Be7 11. Rac1 Qb8 12. Rfe1 O-O 13. e4 dxe4 14. Nxe4 h6
15. Ng3 Bd6 16. Ne5 c5 17. Nxd7 Nxd7 18. Rcd1 cxd4 19. Bxd4 Be5 20. Bxe5 Nxe5
21. Be4 Bxe4 22. Qxe4 Ng6 23. Qe3 Qc7 24. Ne4 Qe5 25. Nc3 Qxe3 26. fxe3 Ne5 27.
Nb5 Ra8 28. Re2 Rfd8 29. Red2 Rxd2 30. Rxd2 Kf8 31. h3 Ke7 32. Kf2 a6 33. Nd4
Rc8 34. Ke2 Rc5 35. Rb2 g5 36. Kd1 Ng6 37. Rc2 Ne5 38. Ne2 Nd3 39. Nc3 Rf5 40.
Ke2 Nb4 41. Rd2 Nc6 42. a3 g4 43. h4 Na5 44. Rb2 g3 45. Ne4 Rh5 46. Nxg3 Rxh4
47. Kf3 Nc6 48. Rd2 f5 49. Rd5 Rg4 50. Rd2 Ne5+ 51. Kf2 Nc6 52. Rd1 Rh4 53. Rc1
Ne5 54. Rc3 Kd6 55. Ne2 Re4 56. Ng3 Rg4 57. Ne2 h5 58. Nf4 h4 59. b4 Nxc4 60.
Rxc4 e5 61. Kf3 b5 62. Rc8 exf4 63. Ra8 fxe3 64. Rxa6+ Kd5 65. Kxe3 Rxg2 66.
Rh6 Rg3+ 67. Kf4 Rc3 68. Kxf5 Rxa3 69. Rxh4 Rf3+ 70. Kg5 Rd3 71. Rh1 Kc4 72.
Kf5 Kxb4 73. Ke4 Rd2 74. Ke3 Rb2 75. Kd3 Ka3 76. Rh8 Rb3+ 77. Kc2 Rb4 78. Rh3+
Ka4 79. Rh8 Rc4+ 80. Kb2 Kb4 81. Rh3 Re4 82. Rb3+ Kc4 83. Rc3+ Kd4 84. Rh3 b4
85. Kb3 Kc5 86. Rh5+ 1/2-1/2

[Event "XL C.to Italiano femminile"]
[Site "Porto San Giorgio ITA"]
[Date "2013.08.26"]
[Round "6"]
[White "De Rosa, Mariagrazia"]
[Black "Arnetta, Maria Teresa"]
[Result "1-0"]
[WhiteElo "2061"]
[BlackElo "2014"]
[PlyCount "67"]
[EventDate "2013.08.21"]

1. e4 e5 2. Nf3 Nc6 3. Bb5 f5 4. d3 fxe4 5. dxe4 d6 6. h3 Nf6 7. Nc3 a6 8. Ba4
b5 9. Bb3 Na5 10. Bg5 Nxb3 11. axb3 Bb7 12. O-O Be7 13. Bxf6 Bxf6 14. Nd5 O-O
15. Qd3 c6 16. Nxf6+ Qxf6 17. c4 Kh8 18. Qe3 Bc8 19. cxb5 cxb5 20. Nd2 Qg6 21.
Rfc1 Rf7 22. Rc6 Bb7 23. Rb6 Raf8 24. Rf1 Bc8 25. b4 Qe6 26. Nb1 Qg6 27. Kh2
Rf4 28. Nc3 Qf7 29. Nd5 Rh4 30. Rxd6 Bb7 31. Nc3 Rf4 32. Nd5 Rh4 33. f3 Rc8 34.
Qg5 1-0

[Event "XL C.to Italiano femminile"]
[Site "Porto San Giorgio ITA"]
[Date "2013.08.26"]
[Round "6"]
[White "Gueci, Tea"]
[Black "Balzano, Filli"]
[Result "1-0"]
[WhiteElo "2018"]
[BlackElo "1942"]
[PlyCount "87"]
[EventDate "2013.08.21"]

1. e4 c6 2. d4 d5 3. exd5 cxd5 4. c4 Nf6 5. Nc3 e6 6. Nf3 Nc6 7. Bg5 Be7 8. Bd3
dxc4 9. Bxc4 O-O 10. O-O Nd5 11. Bxe7 Ncxe7 12. Re1 b6 13. Ne5 Bb7 14. Qd2 Nxc3
15. bxc3 Nd5 16. Bd3 Nf6 17. Re3 Rc8 18. Rae1 Nd7 19. Rh3 f5 20. Nf3 Bxf3 21.
Rxf3 Re8 22. Rfe3 Qf6 23. Bb5 Rcd8 24. Qe2 Kf7 25. f4 Re7 26. Qh5+ Qg6 27. Qe2
Qf6 28. Qc4 Nf8 29. Bc6 Ng6 30. g3 Rd6 31. h4 Rd8 32. h5 Nf8 33. d5 g6 34.
hxg6+ hxg6 35. Qb4 a5 36. Qxb6 Rc8 37. d6 Rxc6 38. Qxc6 Rd7 39. Rxe6 Qxe6 40.
Rxe6 Kxe6 41. Qc8 Kf7 42. Qc4+ Kf6 43. Qd5 Ne6 44. c4 1-0

[Event "XL C.to Italiano femminile"]
[Site "Porto San Giorgio ITA"]
[Date "2013.08.26"]
[Round "6"]
[White "Messina, Roberta"]
[Black "Chiarion, Elisa"]
[Result "0-1"]
[WhiteElo "2097"]
[BlackElo "1985"]
[PlyCount "106"]
[EventDate "2013.08.21"]

1. Nf3 d5 2. c4 c6 3. b3 Nf6 4. Bb2 Bf5 5. g3 e6 6. Bg2 Nbd7 7. d3 h5 8. Nbd2
Be7 9. O-O Qc7 10. e4 dxe4 11. dxe4 Nxe4 12. Nxe4 Bxe4 13. Bxg7 Rh7 14. Bc3
O-O-O 15. Qe2 Nc5 16. Rfd1 f5 17. Rxd8+ Qxd8 18. Rd1 Qg8 19. Ne1 h4 20. b4 hxg3
21. fxg3 Bxg2 22. Nxg2 Ne4 23. Be1 e5 24. Qf3 Qg6 25. Ne3 f4 26. Qg4+ Qxg4 27.
Nxg4 fxg3 28. hxg3 Nxg3 29. Bxg3 Rg7 30. Nxe5 Rxg3+ 31. Kf2 Ra3 32. Nd3 Rxa2+
33. Ke3 Rc2 34. c5 a5 35. bxa5 Bxc5+ 36. Ke4 Rc4+ 37. Ke5 Kc7 38. Ke6 Rd4 39.
Rc1 Rd6+ 40. Ke5 Be3 41. Rd1 Bd4+ 42. Ke4 Bc3 43. a6 b5 44. Rc1 b4 45. Rc2 Kb6
46. Ra2 Rd8 47. Ne5 Bxe5 48. Kxe5 Ra8 49. Kd6 Rxa6 50. Rc2 b3 51. Rc3 Ra3 52.
Rxc6+ Kb5 53. Rc8 Ra6+ 0-1

[Event "XL C.to Italiano femminile"]
[Site "Porto San Giorgio ITA"]
[Date "2013.08.26"]
[Round "6"]
[White "Paolillo, Gaia"]
[Black "Chierici, Marianna"]
[Result "0-1"]
[WhiteElo "1900"]
[BlackElo "2076"]
[PlyCount "90"]
[EventDate "2013.08.21"]

1. e4 g6 2. d4 Bg7 3. f4 d5 4. e5 Nh6 5. Ne2 f6 6. Ng3 c5 7. c3 Nc6 8. Be2 cxd4
9. cxd4 Qb6 10. Nc3 Be6 11. Bb5 O-O 12. Bxc6 bxc6 13. O-O fxe5 14. fxe5 Rxf1+
15. Nxf1 Nf5 16. Kh1 Qxd4 17. Qxd4 Nxd4 18. Bf4 Rf8 19. Bg3 Nf5 20. Bf4 Rb8 21.
b3 Rb4 22. g3 h6 23. Re1 d4 24. Na4 g5 25. Bc1 Rb5 26. Ba3 Rxe5 27. Rxe5 Bxe5
28. Bc5 a6 29. Nd2 Bd5+ 30. Kg1 Kf7 31. Nb2 Bd6 32. Bxd6 Nxd6 33. Nd3 Ne4 34.
Nxe4 Bxe4 35. Nc5 Bb1 36. a3 Bc2 37. Kf2 Kf6 38. b4 Ke5 39. Ke2 Kd5 40. Nxa6
Kc4 41. Kd2 Bf5 42. Nb8 Kb5 43. a4+ Kb6 44. b5 cxb5 45. axb5 Kxb5 0-1